000 00503nam a2200181Ia 4500
001 3477
005 20260306145646.0
008 260306t2016||||xx |||||||||||||| ||spa||
041 _aESP
082 _a279.85032
_bC79
100 _aCordero Fernández, Macarena
_eAUT
245 0 _aInstitucionalizar y desarraigar:
_blas visitas de idolatrías en la Diócesis de Lima, siglo XVII
260 _c2016
300 _a433 páginas :
_c23 cm.
650 _aGEN
654 _aCHU
942 _cLIB
_dJUS
_fJUS
_2ddc
_n
999 _c3477
_d3477